| 000 | 00478nam a2200181Ia 4500 | ||
|---|---|---|---|
| 003 | OSt | ||
| 005 | 20200903120140.0 | ||
| 008 | 190216s9999||||xx |||||||||||||| ||und|| | ||
| 020 | _a9788121905992 | ||
| 040 | _coclc | ||
| 082 |
_a531 _bMAT/M |
||
| 100 |
_aMathur, D S _9421 |
||
| 245 | 0 |
_aMechanics / _cD S Mathur |
|
| 260 |
_bS Chand & Company, _c2003. _aNew Delhi; |
||
| 300 | _a834p | ||
| 650 | _aPhysics | ||
| 942 |
_cBK _2ddc _h531 _iMAT/M _k531 _mMAT/M |
||
| 999 |
_c34595 _d34595 |
||